Statistics for Sour - Olivia Rodrigo

Click here to take the quiz!

General Stats

  • This quiz has been taken 2,791 times
  • The average score is 9 of 11

Answer Stats

Answer% Correct
good 4 u
95%
drivers license
93%
brutal
91%
traitor
91%
deja vu
90%
happier
86%
hope ur ok
83%
jealousy, jealousy
82%
favorite crime
78%
1 step forward, 3 steps back
76%
enough for you
75%

Score Distribution

Percentile by Number Answered

Percent of People with Each Score

Your Score History

You have not taken this quiz